Nueva gramática griega / (Record no. 151930)

MARC details
000 -LEADER
campo de control de longitud fija 00840nam a22002295i 4500
001 - NÚMERO DE CONTROL
campo de control 151930
003 - IDENTIFICADOR DE NÚMERO DE CONTROL
campo de control ES-MaACL
005 - FECHA Y HORA DE LA ÚLTIMA TRANSACCIÓN
campo de control 20230906204444.0
008 - DATOS DE LONGITUD FIJA--INFORMACIÓN GENERAL
campo de control de longitud fija 990601s1858 sp d |||| | spa d
040 ## - FUENTE DE CATALOGACIÓN
Centro catalogador/agencia de origen CAT
Lengua de catalogación spa
Centro/agencia transcriptor CAT
Centro/agencia modificador CCPB
041 0# - CÓDIGO DE IDIOMA
Código de lengua del sumario o resumen grc
080 ## - NÚMERO DE LA CLASIFICACIÓN DECIMAL UNIVERSAL
Número de la Clasificación Decimal Universal 811.14'36
100 0# - ENTRADA PRINCIPAL--NOMBRE DE PERSONA
Nombre de persona Bergnes de las Casas, Antonio,
Fechas asociadas al nombre 1801-1879
9 (RLIN) 28006
245 10 - MENCIÓN DEL TÍTULO
Título Nueva gramática griega /
Mención de responsabilidad, etc. compuesta ... por A. Bergnes de las Casas.
260 ## - PUBLICACIÓN, DISTRIBUCIÓN, ETC.
Lugar de publicación, distribución, etc. Barcelona :
Nombre del editor, distribuidor, etc. [s.n.],
Fecha de publicación, distribución, etc. 1858 (
Fabricante Juan Oliveres,Impresor de S. M.)
300 ## - DESCRIPCIÓN FÍSICA
Extensión 2 v. (180 p.; 452 p.) :
Otras características físicas il. ;
Dimensiones 21 cm.
594 ## - Nota al título y mención de responsabilidad
Nota al título y mención de responsabilidad Texto en castellano, ejemplos en griego.
597 ## - NOTA DE DESCRIPCIÓN FÍSICA
NOTA DE DESCRIPCIÓN FÍSICA La secuencia 1-4 de ambos v. en cifras romanas.
650 04 - PUNTO DE ACCESO ADICIONAL DE MATERIA--TÉRMINO DE MATERIA
Término de materia o nombre geográfico como elemento de entrada Lengua griega-
Subdivisión general Gramática.
9 (RLIN) 14245
852 ## - LOCALIZACIÓN
Ubicación ES-MaACL
Número de control de estantería C-3369
Nota libre -- Enc. hol.
condición física -- Sólo las 180 p.
Holdings
Estatus retirado Estado de pérdida Estado de daño No para préstamo Colección Biblioteca de origen Biblioteca actual Ubicación en estantería Fecha de adquisición Fuente de adquisición Total de préstamos Signatura topográfica completa Código de barras Visto por última vez Precio de reemplazo Tipo de ítem Koha
        Libros del s. XIX Biblioteca del Ateneo de Madrid Biblioteca del Ateneo de Madrid Sala Palomar 17/01/2008     C-3369 1158583 23/02/2023 23/02/2023 Libro impreso antiguo